000
00337 a2200121 4500
001
ART_12978
005
20260410161734.0
008
260409a
245
1
0
_a
Plan Cavallo
100
1
_a
Lopez Murphy, Ricardo H.
700
1
_a
Castro, Jorge
773
0
_t
Ejecutivos de finanzas
_g
- Año 8, Nº 75 (may. 1991)
_w
REV2863
999
_c
18166
_d
18166